| 000 | 01112nam a22002657a 4500 | ||
|---|---|---|---|
| 005 | 20110810094115.0 | ||
| 008 | 110810t xxu||||| |||| 00| 0 mar d | ||
| 010 | _aMAR-21231 | ||
| 020 |
_c220.00 _a8186149953 |
||
| 035 | _aMR-13889 | ||
| 037 | _bDBAD/PUB | ||
| 040 |
_aDPL _bMR |
||
| 082 | _a921 | ||
| 100 |
_932250 _aमोघे,सुधीर |
||
| 245 |
_aगाणारी वाट / _cसुधीर मोघे |
||
| 246 |
_aGanaari Vat _bby Sudhir Moghe |
||
| 250 | _aद्वितीय आवृती | ||
| 260 |
_aपुणे _bमेनका प्रकाशन _c2009 |
||
| 270 |
_a2117.सदाशिव पेठ,विजयानगर कॉलनी, _bपुणे _e411029 |
||
| 300 | 8 |
_a232पृ. _c22सेमी(अजिल्द) _bसचित्र |
|
| 650 |
_aजीवन चरित्र _932964 |
||
| 650 |
_aBiography _932965 |
||
| 942 |
_2ddc _cMR _h921 _mमोघेसु |
||
| 999 |
_c55547 _d55547 |
||